| 000 | 01583cam a2200361 a 4500 | ||
|---|---|---|---|
| 001 | 14883315 | ||
| 005 | 20080721145123.0 | ||
| 008 | 070607s2008 enka b 001 0 eng | ||
| 010 | _a 2007023993 | ||
| 015 |
_aGBA806071 _2bnb |
||
| 016 | 7 |
_a014493000 _2Uk |
|
| 020 | _a9780195331905 (alk. paper) | ||
| 020 | _a0195331907 (alk. paper) | ||
| 035 | _a(OCoLC)ocn144330794 | ||
| 035 | _a(OCoLC)144330794 | ||
| 040 |
_aDLC _cDLC _dBAKER _dBTCTA _dYDXCP _dUKM _dC#P _dBWX _dOCLCA _dDLC |
||
| 050 | 0 | 0 |
_aTN871 _b.L374 2008 |
| 082 | 0 | 0 |
_a333.823015 _222 _bLEE |
| 100 | 1 |
_aLee, P. J. _q(Pei-Jen), _d1934-1999. _911933 |
|
| 245 | 1 | 0 |
_aStatistical methods for estimating petroleum resources / _cP.J. Lee. |
| 260 |
_aOxford ; _aNew York : _bOxford University Press, _cc.2008. |
||
| 300 |
_axxi, 234 p. : _bill. ; _c25 cm. |
||
| 440 | 0 |
_aStudies in mathematical geology ; _v8 _911934 |
|
| 500 | _aIncludes Index. | ||
| 504 | _aIncludes bibliographical references (p. 213-220) and index. | ||
| 650 | 0 |
_aPetroleum _vStatistics. _911935 |
|
| 650 | 0 |
_aPetroleum reserves _vStatistics. _911936 |
|
| 650 | 0 |
_aPetroleum industry and trade _vStatistics. _911937 |
|
| 856 | 4 | 1 |
_3Table of contents only _uhttp://www.loc.gov/catdir/toc/ecip0720/2007023993.html |
| 942 |
_2ddc _cBB |
||
| 999 |
_c13516 _d13516 |
||